|
|
|
|
| LEADER |
00942cam a2200241 7i4500 |
| 001 |
0000009605 |
| 005 |
20200308090000.0 |
| 008 |
200308s1999 my # ### #00001may## |
| 020 |
# |
# |
|a 9836361885
|
| 040 |
# |
# |
|a UMT
|
| 090 |
0 |
# |
|a PL 5138
|b .T3 1999
|
| 245 |
0 |
0 |
|a Talian kasih :
|b kumpulan cerpen
|c penyelenggara Abdullah Hussain, Othman Puteh.
|
| 264 |
# |
1 |
|a Kuala Lumpur:
|b Dewan Bahasa dan Pustaka,
|c 1999.
|
| 300 |
# |
# |
|a 322 pages;
|c 18 cm.
|
| 336 |
# |
# |
|a text
|2 rdacontent
|
| 337 |
# |
# |
|a unmediated
|2 rdamedia
|
| 338 |
# |
# |
|a volume
|2 rdacarrier
|
| 500 |
# |
# |
|a Buku ini adalah hasil projek Perkampungan Penulis GAPENA 1 (1994-1995) anjuran Gabungan Persatuan Penulis Nasional Malaysia (GAPENA) dengan kerjasama badan-badan gabungannya
|
| 650 |
# |
0 |
|a Short stories, Malay --
|x Collected works
|
| 650 |
0 |
0 |
|a Malay fiction
|
| 700 |
0 |
# |
|a Othman Puteh(
|d 1944-)
|
| 700 |
0 |
# |
|a Abdullah Hussain(
|d 1920-)
|
| 999 |
|
|
|a 1000398640
|b Book
|c Open Shelf
|e KOLEKSI TERBUKA
|